| 000 | 00742nas a2200241 4500 | ||
|---|---|---|---|
| 001 | BR9214161 | ||
| 003 | BR-BrBNA | ||
| 005 | 20231205093556.0 | ||
| 007 | ta | ||
| 008 | 230509b bl.|||p| |||| 00| 00por d | ||
| 040 |
_aBR-BrBNA _bpor _cBiblioteca Nacional de Agricultura |
||
| 041 | _a(Pt) | ||
| 072 | _aF70; B50 | ||
| 100 | 1 | _aReis, A. | |
| 245 | 1 | _aHerbario Barbosa Rodrigues - 50 anos de atividades (1942-1992) | |
| 246 | 1 | _aHerbario Barbosa Rodrigues - 50 years of activity (1942-1992) | |
| 650 | _aTaxonomia Vegetal | ||
| 650 | _aHerbario | ||
| 650 | _aHistoria | ||
| 773 | 0 |
_tSellowia (Brazil) _xISSN 0375-1651 _g(Jun 1992), (no. 42-44) p. 5-24 _wBR9214161 |
|
| 909 |
_a202311 _bLúcia _c55 _dLúcia Elande |
||
| 942 |
_2AGRIS _n0 _cANA |
||
| 999 |
_c139248 _d139248 |
||